| 000 | 02013nam a2200421 c 4500 | ||
|---|---|---|---|
| 003 | BLK | ||
| 005 | 20250517124729.0 | ||
| 008 | 180409b bul|||||r ||||||| ||bul|| | ||
| 010 | _aKNG00119759000 | ||
| 020 |
_a978-954-09-0299-9 _bиздат.: Захарий Стоянов - на том(т. 2) |
||
| 040 | _aBLK | ||
| 041 |
_aBUL _cBUL |
||
| 072 | 7 |
_2bullib _aН85 _xДетска художествена литература Н |
|
| 080 |
_aБългарска литература _b821.163.2 _x-93(081) _z821.163.2-93(081) |
||
| 080 |
_aБългарска литература _b821.163.2 _x-93-1 _z821.163.2-93-1 |
||
| 080 |
_aАнглийска литература _b821.111 _x-93-1 _z821.111-93-1 |
||
| 080 |
_aБелгийска литература _b821.133.1(493) _x-93-1 _z821.133.1(493)-93-1 |
||
| 100 |
_aМилева, Леда Гео _9363471 |
||
| 139 |
_aМилева, Леда Гео _bМ 57 |
||
| 245 | 1 | 0 |
_aСъчинения _bВ 4 т. За том: Приказки и малки поеми _cЛеда Гео Милева; худож. Маглена Иванова Константинова. _nТ. 2 _pИзгубеното хвърчило |
| 257 | _aBGR | ||
| 260 |
_аСофия _c2009 - _fЗа том: София : УИ Св. Кл. Охридски |
||
| 300 | _c25 см | ||
| 380 | _aDX | ||
| 653 | _aпоеми | ||
| 653 | _aприказки | ||
| 653 | _aлитература за деца | ||
| 653 | _aдетска литература | ||
| 659 | _aН | ||
| 700 |
_aКонстантинова, Маглена Иванова _eхудож. _9247827 |
||
| 760 | 1 |
_3- на том(т. 2) _aМилева, Леда Гео _dЗахарий Стоянов, 2009 _h184 с. : с цв. ил. _tТ. 2 Изгубеното хвърчило |
|
| 852 | _aЦб 247737 | ||
| 856 | 4 |
_qpdf _u |
|
| 856 | 4 |
_qpdf _u |
|
| 942 |
_cKNG _n0 _013 |
||
| 944 |
_aCR _c20.09.2010 _lКети Илиева _k30550 |
||
| 944 |
_aED _c31.07.2017 _lф / 17.09.2010 _kЛюдмила_Стоянова |
||
| 999 |
_c114328 _d114328 |
||